Education law and policy in an urban society : (Record no. 2754)
[ view plain ]
| 000 -LEADER | |
|---|---|
| fixed length control field | 00880cam a2200217 a 4500 |
| 001 - CONTROL NUMBER | |
| control field | 245385 |
| 005 - DATE AND TIME OF LATEST TRANSACTION | |
| control field | 20250121202614.0 |
| 008 - FIXED-LENGTH DATA ELEMENTS--GENERAL INFORMATION | |
| fixed length control field | 990622s1999 ne a b 000 0 eng |
| 020 ## - INTERNATIONAL STANDARD BOOK NUMBER | |
| International Standard Book Number | 9041111468 (acidfree paper) |
| 041 1# - LANGUAGE CODE | |
| Language code of text/sound track or separate title | engfre |
| 050 00 - LIBRARY OF CONGRESS CALL NUMBER | |
| Classification number | KJE6266 |
| Item number | .E33 1999 |
| 245 00 - TITLE STATEMENT | |
| Title | Education law and policy in an urban society : |
| Remainder of title | yearbook of the European Association for Education Law and Policy / |
| Statement of responsibility, etc. | edited by Piet Akkermans, Jan de Groof and Hilde Penneman. |
| 260 ## - PUBLICATION, DISTRIBUTION, ETC. | |
| Place of publication, distribution, etc. | The Hague ; |
| -- | Boston : |
| Name of publisher, distributor, etc. | Kluwer Law International, |
| Date of publication, distribution, etc. | c1999. |
| 300 ## - PHYSICAL DESCRIPTION | |
| Extent | xiv, 329 p. : |
| Other physical details | ill. ; |
| Dimensions | 25 cm. |
| 440 #0 - SERIES STATEMENT/ADDED ENTRY--TITLE | |
| Title | Yearbook of the European Association for Education Law and Policy, |
| International Standard Serial Number | 1387-2664 ; |
| Volume/sequential designation | v. 2 |
| 650 #0 - SUBJECT ADDED ENTRY--TOPICAL TERM | |
| Topical term or geographic name entry element | Educational law and legislation |
| Geographic subdivision | European Union countries. |
| 700 1# - ADDED ENTRY--PERSONAL NAME | |
| Personal name | Akkermans, P. W. C., |
| Dates associated with a name | 1942- |
| 700 1# - ADDED ENTRY--PERSONAL NAME | |
| Personal name | Groof, Jan de. |
| 700 1# - ADDED ENTRY--PERSONAL NAME | |
| Personal name | Penneman, Hilde. |
| 942 ## - ADDED ENTRY ELEMENTS (KOHA) | |
| Source of classification or shelving scheme | Library of Congress Classification |
| Koha item type | Books |
| Suppress in OPAC | No |
| 999 ## - | |
| -- | 2754 |
| -- | 2754 |
| Withdrawn status | Lost status | Source of classification or shelving scheme | Damaged status | Not for loan | Collection | Home library | Current library | Shelving location | Date acquired | Total checkouts | Full call number | Barcode | Date last seen | Copy number | Uniform resource identifier | Price effective from | Koha item type |
|---|---|---|---|---|---|---|---|---|---|---|---|---|---|---|---|---|---|
| Library of Congress Classification | Non-fiction | Law Library (Christ Temple) | Law Library (Christ Temple) | General stacks | 01/21/2025 | KJE6266.E55 EDU | LLCT00000247 | 01/21/2025 | 1 | Vol.II | 01/21/2025 | Books |